Мосты и путепроводы в городах: архитектурно-планировочные особенности

書誌詳細
第一著者: Надёжин Б. М. Борис Михайлович
言語:ロシア語
出版事項: Москва, Стройиздат, 1964
主題:
フォーマット: 図書
KOHA link:https://koha.lib.tpu.ru/cgi-bin/koha/opac-detail.pl?biblionumber=149781

MARC

LEADER 00000nam0a2200000 4500
001 149781
005 20231031150018.0
035 |a (RuTPU)RU\TPU\book\162386 
090 |a 149781 
100 |a 20081222d1964 m y0rusy50 ca 
101 0 |a rus 
102 |a RU 
105 |a a z 001zy 
200 1 |a Мосты и путепроводы в городах  |e архитектурно-планировочные особенности  |f Б. М. Надёжин 
210 |a Москва  |c Стройиздат  |d 1964 
215 |a 287 с.  |c ил. 
320 |a Библиогр.: с. 278-286. 
610 1 |a мосты 
610 1 |a городская застройка 
610 1 |a исторические очерки 
610 1 |a архитектура 
610 1 |a планирование 
610 1 |a путепроводы 
675 |a 711  |v 3 
675 |a 624.2  |v 3 
700 1 |a Надёжин  |b Б. М.  |g Борис Михайлович 
801 1 |a RU  |b 63413507  |c 20081222  |g PSBO 
801 2 |a RU  |b 63413507  |c 20090506  |g PSBO 
942 |c BK